X. Manažment bezpečnosti a kvality potravinárskych výrobkov zborník príspevkov z medzinárodnej odbornej akcie : 15.-17. október 2008, Vysoké Tatry
| Corporate Author: | |
|---|---|
| Format: | Conference Proceeding Software eBook |
| Language: | Slovak Czech English |
| PhysicalDescription: | 1 elektronický optický disk (CD-ROM) 12 cm |
| Published: |
Košice
C-PRESS
2008
|
| ISBN: | 9788089385003 (elektronická kniha) |
| Edition: | 1. vyd. |
| Subjects: |
MARC
| LEADER | 00000nam a2200000 a 4500 | ||
|---|---|---|---|
| 001 | vtls009478736 | ||
| 003 | SK-MaSNL | ||
| 005 | 20260301082054.0 | ||
| 007 | co cg anuua | ||
| 008 | 251104s2008 xo l fs 100 0 slo | ||
| 015 | |a SNBS2009/03-01089 | ||
| 020 | |a 9788089385003 (elektronická kniha) | ||
| 040 | |a SNK |b slo |c SNK |e AACR2 | ||
| 041 | 0 | |a slo |a cze |a eng |b eng | |
| 044 | |a xo |c SK | ||
| 072 | 7 | |a 664 |x Potravinársky priemysel |2 konspekt | |
| 072 | 7 | |a 005 |x Manažment. Riadenie |2 konspekt | |
| 080 | |a 005.934 |2 2001 | ||
| 080 | |a 663/664 |2 2001 | ||
| 080 | |a 663/664-021.465 |2 2001 | ||
| 080 | |a 614.31 |2 2001 | ||
| 080 | |a (062.534) |2 2001 | ||
| 080 | |a (0.034.44) |2 2001 | ||
| 111 | 2 | |a Manažment bezpečnosti a kvality potravinárskych výrobkov |n (10. : |d 2008 : |c Štrbské Pleso, Slovensko) |9 156964 | |
| 245 | 1 | 0 | |a X. Manažment bezpečnosti a kvality potravinárskych výrobkov |h elektronický zdroj |b zborník príspevkov z medzinárodnej odbornej akcie : 15.-17. október 2008, Vysoké Tatry |
| 246 | 1 | 1 | |a Food products safety and quality management |
| 246 | 3 | |a Desiaty Manažment bezpečnosti a kvality potravinárskych výrobkov | |
| 250 | |a 1. vyd. | ||
| 260 | |a Košice |b C-PRESS |c 2008 | ||
| 300 | |a 1 elektronický optický disk (CD-ROM) |c 12 cm | ||
| 366 | |e 90 kusov | ||
| 500 | |a Názov z titulnej obrazovky | ||
| 516 | |a Textový dokument (zborník), súbory vo formáte html | ||
| 538 | |a Technické požiadavky: Windows Internet Explorer | ||
| 546 | |a Súbežný text angl. | ||
| 650 | 0 | 7 | |a bezpečnostný manažment |2 SNKPH |9 927 |
| 650 | 0 | 7 | |a potravinárstvo |2 SNKPH |9 678 |
| 650 | 0 | 7 | |a kvalita potravín |2 SNKPH |9 30955 |
| 650 | 0 | 7 | |a hygiena potravín |2 SNKPH |9 2487 |
| 650 | 0 | 7 | |a kontrola potravín |2 SNKPH |9 19238 |
| 655 | 7 | |a elektronické zdroje |2 SNKPH |9 90954 | |
| 655 | 7 | |a CD-ROM |2 SNKPH |9 70236 | |
| 655 | 7 | |a zborníky konferencií |2 SNKPH |9 70153 | |
| 919 | |a 978-80-89385-00-3 | ||
| 999 | |c 657604 |d 659534 | ||
| 952 | |a SNK |b SNK |y PREZ |7 0 |p 17A0612980 |o snkSCDM 2122 |i snk2009/4058 |8 0 |0 0 |1 0 |4 0 |d 2009-03-02 |l 0 |r 2026-02-23 18:42:56 |w 2026-02-23 | ||
| 952 | |a SNK |b SNK |y PREZ |7 0 |p 17A0613284 |o snkSCDM 2122 D1 |i snk2009/4059 |8 0 |0 0 |1 0 |4 0 |d 2009-03-02 |l 0 |r 2026-02-23 18:42:56 |w 2026-02-23 | ||


